-
Tull, Donald S & thwkey Del.I
Entry Personal Name
Number of records used in: 1
001 - CONTROL NUMBER
003 - CONTROL NUMBER IDENTIFIER
005 - DATE AND TIME OF LATEST TRANSACTION
- control field:
20160528142300.0
008 - FIXED-LENGTH DATA ELEMENTS
- fixed length control field:
160528|| aca||aabn | a|a d
040 ## - CATALOGING SOURCE
- Original cataloging agency:
OSt
- Transcribing agency:
OSt
100 ## - HEADING--PERSONAL NAME
- Personal name:
Tull, Donald S & thwkey Del.I
670 ## - SOURCE DATA FOUND
- Source citation:
Work cat.: (OSt): Tull, Donald S & thwkey Del.I, Marketing Research